000 02024nam0a2200337 i 4500
001 RU\NLR\bibl\1955893
005 20260408091939.0
010 _a9785983540088
_9130
021 _aRU
_b2012-71659
_95283
035 _a(nilc)RSL-KNO-005498923
035 _a(NLR Aleph) 001944972
090 _a3616905
_c3616905
100 _a20120924d2012 u y0rusy50 ca
101 0 _arus
_deng
102 _aRU
105 _aa |||||||||
200 1 _aXIX Всероссийская конференция "Теоретические основы и конструирование численных алгоритмов решения задач математической физики", посвященная памяти К.И. Бабенко [Дюрсо, 10-16 сентября 2012]
_eтезисы докладов
210 _aпос. Дюрсо (Краснодарский край)
_cИПМ им. М.В. Келдыша РАН
_d2012
215 _a116 с.
_cил.
_d21
300 _aВ надзаг.: Ин-т прикладной математики им. М. В. Келдыша РАН (Москва), Южно-Российский региональный центр информатизации ЮФУ (Ростов-на-Дону)
320 _aБиблиогр. в конце докл.
606 1 _aМатематическая физика
_jТезисы докладов
_xЗадачи
_xРешение
_xПриближенные методы
_91559226
_3RU\NLR\auth\66681830
686 _aВ192.162.21я431(2)
_2rubbk
686 _aВ311я431(2)
710 1 2 _a"Теоретические основы и конструирование численных алгоритмов решения задач математической физики", всероссийская конференция
_d19
_eДюрсо
_f2012
_9347304
_3RU\NLR\AUTH\8810231169
801 0 _aRU
_bRuMoRKP
_c20120924
_grcr
801 1 _aRU
_bРГБ
_c20120924
801 2 _aRU
_bNLR
_c20121016
_grcr
942 _cBOOK
980 _aNBR